000 00318pab a2200145 454500
008 180718b1997 xxu||||| |||| 00| 0 eng d
100 _aIlaiah, Kancha
245 _aElections and social justice
260 _c1997
300 _ap.10
362 _a23 Dec
650 _aElections
773 _aHindu
909 _a36413
999 _c36413
_d36413